| 000 -LEADER |
| fixed length control field |
00455nam a2200157Ia 4500 |
| 008 - FIXED-LENGTH DATA ELEMENTS--GENERAL INFORMATION |
| fixed length control field |
181130s2018 xx 000 0 und d |
| 100 ## - MAIN ENTRY--PERSONAL NAME |
| Personal name |
Rani, Midatala |
| 245 ## - TITLE STATEMENT |
| Title |
Zero waste management |
| Remainder of title |
a key to sustainable development |
| 260 ## - PUBLICATION, DISTRIBUTION, ETC. |
| Date of publication, distribution, etc. |
2018 |
| 300 ## - PHYSICAL DESCRIPTION |
| Extent |
p.106-110. |
| 504 ## - BIBLIOGRAPHY, ETC. NOTE |
| -- |
Jan-Jun |
| 650 ## - SUBJECT ADDED ENTRY--TOPICAL TERM |
| Topical term or geographic name entry element |
Sustainable development |
| 650 ## - SUBJECT ADDED ENTRY--TOPICAL TERM |
| Topical term or geographic name entry element |
Waste management |
| 773 ## - HOST ITEM ENTRY |
| Main entry heading |
South Asian Journal of Socio-Political Studies |
| 906 ## - LOCAL DATA ELEMENT F, LDF (RLIN) |
| a |
Waste management |